LEADER 01255nam a2200289 u 4500 001 000000113259 003 CaOOAMICUS 005 20080930131012.0 008 080930s2008 it cf u000 u ita r 020 $z978-88-420-8739-7* 040 $aPUL$bita$dLDB 100 1 $aPelaja, Margherita.$0(OLS)http://pul/name/69834 245 10$aDue in una carne :$bChiesa e sessualità nella storia /$cMargherita Pelaja, Lucetta Scaraffia. 260 $aRoma :$bLaterza,$c2008. 300 $axi, 322 p., [4] p. di tav. :$britr. ;$c21 cm 490 1 $aStoria e società 500 $aContiene indice. 504 $aBibliografia in nota. 650 4$aSesso$xAspetti morali e religiosi.$0(OLS)http://pul/subject/6711 700 1 $aScaraffia, Lucetta,$d1948-$0(OLS)http://pul/name/13910 830 0$aStoria e società (Laterza).$0(OLS)http://pul/title/761 850 $aPUL 852 $aPUL$W1$xSL Religione 3$y85$m261. 8 PELMA 1$j129412$qDDC 21$B128497$CPULBib$Z2$F128497 $H108323 $82 941 1 $a9 996 $6020$z978-88-420-8739-7*$9(OLS)http://pul/number/138698 996 $6245$aDue in una carne :$bChiesa e sessualità nella storia$9(OLS)http://pul/title/142323 996 $6260$aRoma :$bLaterza$9(OLS)http://pul/publisher/47864 LEADER 00961nam a2200253 u 4500 001 000000083998 003 CaOOAMICUS 005 20070226124030.0 008 050606s1952 fr ae u000 u fre u 035 $a11048695 040 $aPUL(R)$bita 100 1 $aHutin, Serge,$d1929-$0(OLS)http://pul/name/46512 245 14$aLes sociétés secrètes /$cSerge Hutin. 260 $aParis :$bPUF,$c1952. 300 $a128 p. :$bill., piante, ;$c18 cm 490 1 $aQue sais-je? ;$v515. 504 $aBibliografia: p. 123-125. 650 4$aSocietà segrete.$0(OLS)http://pul/subject/24994 830 0$aQue sais-je? ;$v515.$0(OLS)http://pul/title/1057 850 $aPUL 852 $aPUL$W1$xDP1 Fondo Cecchetti$y53$m268 C 52$j106854$nBK-PRI$b $qFondi$B106854$CPULBib$Z2$F106854 $HPUL2563 $81 941 1 $a1 996 $6245$aLes sociétés secrètes$9(OLS)http://pul/title/109374 996 $6260$aParis :$bPUF$9(OLS)http://pul/publisher/53060